Countries with the Fastest Declining Populations - Statistics

General Stats
  • This quiz has been taken 48 times
  • The average score is 4 of 10
Answer Stats
Rank Country Rate % Correct
4 Moldova -1.2%
74%
8 Latvia -0.8%
72%
6 Estonia -1.0%
65%
7 Poland -0.9%
61%
2 Greece -1.8%
50%
5 Czech Republic -1.0%
37%
10 Kosovo -0.7%
37%
9 Monaco -0.8%
20%
3 Tuvalu -1.7%
11%
1 Marshall Islands -3.4%
9%
No matching quizzes found
Score Distribution
Percent of People with Each Score
Percentile by Number Answered
Your Score History
You have not taken this quiz